000 00658nam a22002537a 4500
003 UA-OsUOA
001 32948
007 ta
008 20050224b un ||||| |||| 00| 0 ukr d
100 _aШамхалов Феликс
090 _a351/354
_bШ19
942 _cBK
040 _aUA-OsUOA
_brus
_cUA-OsUOA
_dUA-OsUOA
245 _aОсновы теории государственного управления
_bУчеб/ для вузов
300 _a520 с.
955 _a0
041 _arus
080 _a351/354
020 _a5-282-02241-9
260 _aМ.
_bЭкономика
_c2003
044 _aRU
650 7 _2UDC
999 _c319403
_d319403